Movies Quiz

Random Movies or Actor Quiz

Have You 'Scene' This Movie? Quiz Stats

 Plays Quiz Updated Jul 6, 2014

Support Sporcle.
Go Orange.
Score 0/34 Timer 07:00
4 Plays Today
% Correct
???
99.5%
???
98.7%
???
98.1%
???
97.8%
???
97.5%
???
97.2%
???
96.9%
???
96.5%
???
96.3%
???
96.2%
???
95.8%
???
95.4%
???
95.2%
???
95%
???
95%
???
94.8%
???
94.6%
% Correct
???
94.3%
???
93.7%
???
88.9%
???
88.1%
???
84.4%
???
84.2%
???
81.6%
???
80.6%
???
80.4%
???
79.2%
???
73.5%
???
71.7%
???
70.5%
???
45.9%
???
44.1%
???
41%
???
14.1%

You're not logged in!

Compare scores with friends on all Sporcle quizzes.
OR
Log In

From the Vault

Pro Sports Teams Ending in -ERS

by mwelch13

I am surprised no one tried going with 'Winners' as a team name, c'mon, where is the power of positive thinking?
Remove Ads.
Support Sporcle.
Get the best of Sporcle when you Go Orange. This ad-free experience offers more features, more stats, and more fun while also helping to support Sporcle. Thank you for becoming a member.

Show Comments

Extras

Top Quizzes Today


Score Distribution

Your Account Isn't Verified!

In order to create a playlist on Sporcle, you need to verify the email address you used during registration. Go to your Sporcle Settings to finish the process.

Report this User

Report this user for behavior that violates our Community Guidelines.

Details: